Poistenie a poisťovníctvo
Salvato in:
| Autore principale: | |
|---|---|
| Natura: | Libro |
| Lingua: | slovacco |
| Pubblicazione: |
Bratislava
Elita
1994
|
| Edizione: | 1. vyd. |
| Soggetti: | |
| Tags: |
Nessun Tag, puoi essere il primo ad aggiungerne!!
|
MARC
| LEADER | 00000nam a2200000 4500 | ||
|---|---|---|---|
| 001 | c005247 | ||
| 005 | 20221123112630.7 | ||
| 020 | |a 80-85323-59-1 | ||
| 041 | 0 | |a slo | |
| 044 | |a SK | ||
| 245 | 1 | 0 | |a Poistenie a poisťovníctvo |c Viktória Čejková |
| 250 | |a 1. vyd. | ||
| 264 | 1 | |a Bratislava |b Elita |c 1994 | |
| 300 | |a 128 s. | ||
| 610 | 2 | 0 | |a poistenie |
| 610 | 2 | 0 | |a poisťovníctvo |
| 610 | 2 | 0 | |a riziko poistné |
| 610 | 2 | 0 | |a predpisy právne |
| 610 | 2 | 0 | |a služby sociálne |
| 610 | 2 | 0 | |a poisťovne |
| 610 | 2 | 0 | |a zaistenie |
| 610 | 2 | 0 | |a zmluvy |
| 610 | 2 | 0 | |a diagramy vývojové |
| 610 | 2 | 0 | |a klasifikácia |
| 610 | 2 | 0 | |a adresáre |
| 100 | 1 | |a Čejková, Viktória | |